Statistics for Living Former Monarchs

Click here to take the quiz!

General Stats

  • This quiz has been taken 389 times
    (13 since last reset)
  • The average score is 6 of 17

Answer Stats

CountryTitleReignMonarch% Correct
NetherlandsQueen1980-2013Beatrix
67%
SpainKing1975-2014Juan Carlos
67%
AndorraCo-Prince2007-2012Nicolas Sarkozy
67%
BelgiumKing1993-2013Albert II
50%
AndorraCo-Prince2012-2017François Hollande
50%
JapanEmperor1989-2019Akihito
42%
EgyptKing1952-1953Fuad II
42%
QatarEmir1995-2013Hamad
42%
DenmarkQueen1972-2024Margrethe II
42%
TibetDalai Lama1937-1951Tenzin
42%
MalaysiaKing2016-2019Muhammad V
33%
BulgariaCzar1943-1946Simeon II
33%
NepalKing1950-1951
2001-2008
Gyanendra
25%
ZanzibarSultan1963-1964Jamshid
17%
BhutanKing1972-2006Jigme Singye
8%
MalaysiaKing2006-2011Mizan Zainal
Abidin
8%
MalaysiaKing2001-2006Sirajuddin
8%

Score Distribution

Percentile by Number Answered

Percent of People with Each Score

Your Score History

You have not taken this quiz since the last reset